Responses for show #4065 - Friday, April 12, 2002

Contestants

Peggy Pancella, a music teacher and mom from St. Louis, Missouri

Derek Doran-Wood, an actor from Sherman Oaks, California

Erik Rockom, a finish carpenter from Seattle, Washington (whose 1-day cash winnings total $15,599)

Jeopardy! Round responses

THE BROWNINGS
BEAUTY TREATMENTS
CIUDADES DE BAJA CALIFORNIA
PICK THE OSCAR WINNER
NIGHTLIFE
ENDS IN "TH"
    $200 26
Poet Laureate

Peggy
    $200 19
(Derek: What are cucumbers?)

potatoes

ErikDerek
    $200 14
Tijuana [tee-WAHN-ah]

Derek
    $200 9
Brando

Derek
    $200 6
a disco

Erik
    $200 1
a wreath

Erik
    $400 27
(Erik: What is read?)

wrote letters

ErikDerek
    $400 20
Pennsylvania

Erik
    $400 15
(Erik: What is Paz?)

La Paz

ErikDerek
    $400 10
Richard Dreyfuss

Derek
    $400 7
(Derek: What is Venice?)

Rome

ErikDerek
    $400 2
smith

Erik
    $600 28
Florence

Triple Stumper
    $600 21
seaweed

Derek
    $1,800 16
(Derek: What is Rosarita?)

Mexicali

Derek
    $600 11
Juliette Binoche

Derek
    $600 8
cats

Derek
    $600 3
a behemoth

Erik
    $800 29
child labor

Derek
    $800 24
(Peggy: What is praline?)
...
(Alex: Minute to go now.)

vanilla

Peggy
Triple Stumper
    $800 17
Cabo San Lucas

Erik
    $800 12
Maximilian Schell

Derek
    $800 18
Kobe

Peggy
    $800 4
froth

Erik
    $1000 25
grapes (seeds)

Erik
    $1000 23
(Erik: What is Corona?)
(Derek: What is Rosarita?)

Tecate

ErikDerek
Triple Stumper
    $1000 13
(Erik: Who is Faye Dunaway?)

Estelle Parsons

ErikDerek
    $1000 22
cabaret

Triple Stumper
    $1000 5
a commonwealth

Erik

Scores at the first commercial break (after clue 15):

Erik Derek Peggy
$2,200 $3,800 $0

Scores at the end of the Jeopardy! Round:

Erik Derek Peggy
$3,200 $2,600 $200

Double Jeopardy! Round responses

AMERICANA
FAMOUS J.P.'s
ON OLD MAPS
MILITARY MUSIC
VICTORIA'S SECRETS
PLANET NAMES
    $400 11
(Derek: What is an organ?)
(Erik: What is a calliope?)
(Peggy: What is a player piano?)

jukebox

ErikDerekPeggy
Triple Stumper
    $400 12
Jane Pauley

Derek
    $400 17
Indonesia

Derek
    $400 10
(Erik: What is "Suicide Is Painless"?)

"The Ballad Of The Green Berets"

Erik
Triple Stumper
    $400 6
the Boer War

Erik
    $400 1
Mars

Erik
    $800 18
baked beans

Triple Stumper
    $800 13
Jimmy Page

Erik
    $800 22
Mongolia

Peggy
    $800 19
"John Brown's Body"

Triple Stumper
    $800 7
Albert

Derek
    $800 2
Mercury

Erik
    $1200 25
the Brooklyn Bridge

Erik
    $1200 14
John Peters

Triple Stumper
    $1200 23
Gdansk

Erik
    $1200 20
(Derek: What is "Yankee Doodle"?)

"The Star-Spangled Banner"

Derek
Triple Stumper
    $1200 8
a train

Erik
    $1200 3
Saturn

Erik
    $1600 26
Whistler

Erik
    $1600 15
Jim Palmer

Erik
    $1600 24
(Erik: What is...)
...
(Alex: Less than a minute now.)

Abyssinia

Erik
Triple Stumper
    $1600 21
(Peggy: What is "Proud To Be An American"?)

"God Bless The U.S.A."

ErikPeggy
    $1600 9
(Derek: What is Australia?)

Canada

Derek
Triple Stumper
    $1,200 4
Venus

Erik
    $2000 27
(Derek: What is Coca-Cola?)

Moxie

Derek
Triple Stumper
    $2000 16
(Bishop) James Pike

Triple Stumper
    $2000 28
Ghana

Erik
    $2000 5
Pluto

Peggy

Scores at the end of the Double Jeopardy! Round:

Erik Derek Peggy
$16,000 -$1,000 $1,000
(lock game)

[wagering suggestions for these scores]

Final Jeopardy! Round responses

RELIGIOUS PLACES
(Alex: Our Lady of [*]. The third prediction was that there would be an assassination attempt on the Pope.)
PeggyWhat is Fatima?
$1,000
ErikWhat is Fatima?
$4,000
Fatima

Final scores:

Erik Derek Peggy
$20,000 -$1,000 $2,000
2-day champion: $35,599 3rd place 2nd place

Game dynamics:

Coryat scores:

Erik Derek Peggy
$16,400 $800 $1,000
24 R
(including 1 DD),
7 W
14 R,
8 W
(including 1 DD)
4 R,
3 W

Combined Coryat: $18,200

The J! Archive is created by fans, for fans. The Jeopardy! game show and all elements thereof, including but not limited to copyright and trademark thereto, are the property of Jeopardy Productions, Inc. and are protected under law. This website is not affiliated with, sponsored by, or operated by Jeopardy Productions, Inc. Join the discussion at JBoard.tv.